000 00478nam a2200157 4500
001 132931
003 ES-MaACL
007 t|
008 070214s1965 sp r ||||1| spa d
100 1 _aRoyo Marín, Antonio.
_9100232
245 1 4 _aLas Siete Palabras de Nuestro Señor Jesucristo en la Cruz /
_cR. P. Fr. Antonio Royo Marín, O. P.
250 _a2ª ed.
260 _aSalamanca :
_bSan Esteban,
_c1965.
300 _a95 p. ;
_c19 cm.
852 _aES-MaACL
_jE-2500
_bR.56631
999 _c132931
_d132931